Sports Quiz

Random Sports Quiz

FBS Schools in Top 10 Recruitment Rankings Since 2010 Quiz Stats

 Plays Quiz not verified by Sporcle

Support Sporcle.
Go Orange.
Score 0/20 Timer 03:00
0 Plays Today
Yrs/Top 10 FBS School % Correct
8Alabama
98.8%
5Florida
97.6%
3Texas
97.3%
6Ohio State
96.7%
4Michigan
96.4%
8Florida State
95.8%
7USC
95.2%
7LSU
90.7%
5Georgia
90.7%
7Auburn
90.1%
Yrs/Top 10 FBS School % Correct
2UCLA
88%
3Oklahoma
87.7%
1Oregon
85.8%
1Miami
84.9%
3Tennessee
84.6%
4Clemson
83.7%
3Texas A&M
80.1%
2Mississippi
78.6%
2Notre Dame
77.4%
1Stanford
70.8%

You're not logged in!

Compare scores with friends on all Sporcle quizzes.
OR
Log In

From the Vault

20 Anti-Jokes

by ChargingTiger

We dream of the day when chickens can cross the road without having their motives questioned.
Remove Ads.
Support Sporcle.
Get the best of Sporcle when you Go Orange. This ad-free experience offers more features, more stats, and more fun while also helping to support Sporcle. Thank you for becoming a member.

Show Comments

Extras

Top Quizzes Today


Score Distribution

Your Account Isn't Verified!

In order to create a playlist on Sporcle, you need to verify the email address you used during registration. Go to your Sporcle Settings to finish the process.

Report this User

Report this user for behavior that violates our Community Guidelines.

Details: